000
00210nam a2200097Ia 4500
008
240331s9999 xx 000 0 und d
082
_b
TOW
100
_a
Bhasin, K. ed
245
0
_a
Towards empowerment
942
_c
L
999
_c
2714
_d
2714